| 000 | 00378nam a2200157Ia 4500 | ||
|---|---|---|---|
| 008 | 200103s9999||||xx |||||||||||||| ||und|| | ||
| 020 | _a185609104X, 978-1856091046 | ||
| 040 | _aIMU-MPC | ||
| 082 | _aColumn-1 | ||
| 100 | _aGoodacre, J. Kenneth | ||
| 245 | 0 | _aMarine insurance claims | |
| 250 | _a3rd ed. | ||
| 260 |
_bWitherby _c1996 |
||
| 300 | _alxvii, 1439 | ||
| 942 | _cBK | ||
| 999 |
_c2639 _d2639 |
||